Stolice 15 państw - Statystyki

Ogólne statystyki
  • Ten quiz został rozwiązany 62 razy
  • Średni wynik to 14 z 15
Statystyki odpowiedzi
Zagadnienie Odpowiedź % Poprawnych
Stolica Turcji to: Ankara
100%
Stolica Egiptu to: Kair
100%
Stolica Portugalii to: Lizbona
100%
Stolica Hiszpanii to: Madryt
100%
Stolica Francji to: Paryż
100%
Stolica Chin to: Pekin
100%
Stolica Włoch to: Rzym
100%
Stolica Polski to: Warszawa
100%
Stolica Austrii to: Wiedeń
100%
Stolica Brazylii to: Brasilia
86%
Stolica Pakistanu to: Islamabad
86%
Stolica Korei Południowej to: Seoul
86%
Stolica Australii to: Canberra
71%
Stolica Indii to: Nowe Delhi
71%
Stolica Wietnamu to: Hanoi
57%
Nie znaleziono quizów pasujących do podanych kryteriów
Rozkład punktacji
Procent ludzi z każdym wynikiem
Percentyl według liczby udzielonych odpowiedzi
Twoja historia wyników
Nie rozwiązałeś tego quizu